000 00525nam a2200193 a 4500
001 1762257992893
003 ACL
005 20251104173855.0
008 251104s2003##################000#0#eng##
020 _a9780750676014
082 0 4 _a658.3124
_bPHI
100 1 _aPhillips, Jack J.,
_eauthor.
245 1 0 _aReturn on Investment in Training and Performance Improvement Programs :
260 _bRoutledge,
_c2003.
300 _a396 pages
650 0 _aBusiness & Economics.
942 _cENGLISH
040 _aACL
_beng
_cACL
999 _c595708
_d595708